ULTRAKILL Enemies Quiz - Statistics

General Stats
  • This quiz has been taken 74 times
  • The average score is 31 of 42
Answer Stats
Type Rank Answer % Correct
Husk Lesser Filth
95%
Angel Supreme Gabriel
95%
Prime Soul Prime Soul Minos Prime
92%
Machine Supreme V2
92%
Husk Supreme Corpse of King Minos
87%
Prime Soul Prime Soul Sisyphus Prime
87%
Machine Greater Swordsmachine
87%
Machine Greater Gutterman
84%
Machine Greater Guttertank
84%
Husk Supreme Sisyphean Insurrectionist
84%
Husk Greater Soldier
84%
Angel Lesser Virtue
84%
Machine Supreme 1000-THR "Earthmover"
82%
Machine Lesser Drone
82%
Husk Supreme Ferryman
82%
Demon Greater Hideous Mass
82%
Demon Supreme Leviathan
82%
Demon Lesser Malicious Face
82%
Husk Lesser Stray
82%
Angel Greater Power
79%
Husk Greater Schism
79%
Husk Lesser Stalker
79%
Demon Lesser Cerberus
76%
Angel Lesser Providence
76%
Machine Lesser Streetcleaner
74%
Machine Greater Mindflayer
71%
Husk Supreme Mirror Reaper
71%
Demon Supreme Minotaur
71%
??? ??? Something Wicked
71%
Demon Lesser Mannequin
68%
Demon Supreme Geryon, Watcher of the Skies
66%
Machine Greater Sentry
66%
??? ??? Flesh Panopticon
63%
??? ??? Flesh Prison
63%
Demon Lesser Idol
63%
Demon Lesser Deathcatcher
61%
??? ??? Cancerous Rodent
58%
??? ??? Very Cancerous Rodent
55%
Machine Supreme 1000-THR Defense System
53%
??? ??? Big Johninator
53%
??? ??? Puppet
47%
??? ??? Mysterious Druid Knight (& Owl)
42%
No matching quizzes found
Score Distribution
Percent of People with Each Score
Percentile by Number Answered
Your Score History
You have not taken this quiz